000 01036cam a2200301 4500
001 ABS65587
008 020628n2002 000 0 eng u
035 _a(Sirsi) u118580
100 _aBarrett, C.
245 _aSpecial report: call centres and serviced offices
260 _c2002
490 _aProperty Week
_v67(23) 14 June 2002, 57-65(4)
520 _aTwo articles explore the struggling and diverse US serviced office market, and the future for the call centre industry in Wales, following the demise of ITV Digital and its closure of its call centre in Pembroke-Dock.
590 _aABS
650 _aUNITED STATES
650 _aSERVICED OFFICES
650 _aPROPERTY-COMMERCIAL PROPERTY-OFFICE PROPERTY-OFFICE PROPERTY MARKET
650 _aCALL CENTRES
650 _aOFFICE OCCUPIERS
650 _aWALES
650 _aJOB LOSSES
650 _aOCCUPANCY RATES
650 _aFRANCHISING
650 _aTELECOMS INDUSTRY
650 _aPEMBROKESHIRE
690 _aPROPERTY-COMMERCIAL PROPERTY
942 _n0
999 _c70612
_d70612